Statistics for EA FC24 All Champions League TOTGS

Click here to take the quiz!

General Stats

  • This quiz has been taken 26 times
  • The average score is 16 of 26

Answer Stats

RateClubNationAnswer% Correct
93BayernEnglandHarry Kane
100%
93PSGFranceKylian Mbappe
100%
90AtleticoFranceAntoine Griezmann
92%
91ArsenalEnglandBukayo Saka
92%
89Real MadridEnglandJude Bellingham
88%
88Man CityArgentinaJulian Alvarez
88%
87PortoIranMehdi Taremi
83%
87Man CityEnglandPhil Foden
79%
88MilanPortugalRafael Leao
79%
88Real MadridBrazilRodrygo
79%
86GalatasarayMoroccoHakim Ziyech
75%
89BarcelonaPortugalJoao Cancelo
75%
90BayernGermanyJamal Musiala
63%
89LazioSpainLuis Alberto
63%
89InterItalyNicolo Barella
63%
87LeverkusenNigeriaVictor Boniface
63%
86NewcastleEnglandNick Pope
58%
87NapoliItalyGiovanni Di Lorenzo
54%
88DortmundGermanyMats Hummels
50%
86FreiburgItalyVincenzo Grifo
50%
86LiverpoolNetherlandsRyan Gravenberch
42%
88MarseilleFranceJonathan Clauss
33%
85LeipzigGermanyDavid Raum
25%
88Real SociedadSpainZubeldia
25%
85PSVNetherlandsJerdy Schouten
13%
85FiorentinaItalyLuca Ranieri
8%

Score Distribution

Percentile by Number Answered

Percent of People with Each Score

Your Score History

You have not taken this quiz